Deň, keď nás bude 6 miliárd 11. júla 1999 bol Deň populácie sveta

Závratné zvyšovanie populácie zeme v tomto storočí a jeho stále pokračovanie. Krátkodobé aj dlhodobé populačné prognózy OSN. Odhadovaná veľkosť populácie vo vybraných regiónoch a krajinách. Rozdiel medzi populačným nárastom v rozvojových a vyspelých štátoch sveta. Predlžovanie produktívneho veku aj...

Descrizione completa

Salvato in:
Dettagli Bibliografici
Autore principale: Papaj, Karol
Natura: Capitolo di libro
Lingua:slovacco
Soggetti:
Tags: Aggiungi Tag
Nessun Tag, puoi essere il primo ad aggiungerne!!

MARC

LEADER 00000naa a2200000 4500
001 r035615
005 20230824101746.9
041 0 |a slo 
044 |a SK 
245 1 0 |a Deň, keď nás bude 6 miliárd  |b 11. júla 1999 bol Deň populácie sveta  |c Karol Papaj 
520 |a Závratné zvyšovanie populácie zeme v tomto storočí a jeho stále pokračovanie. Krátkodobé aj dlhodobé populačné prognózy OSN. Odhadovaná veľkosť populácie vo vybraných regiónoch a krajinách. Rozdiel medzi populačným nárastom v rozvojových a vyspelých štátoch sveta. Predlžovanie produktívneho veku aj života a "stárnutie planéty". 
610 2 0 |a explózia populačná 
610 2 0 |a populácia 
610 2 0 |a vývoj populačný 
610 2 0 |a výskum populačný 
610 2 0 |a svet 
610 2 0 |a prognózy demografické 
610 2 0 |a vzťahy medziľudské 
610 2 0 |a skupiny vekové 
610 2 0 |a ženy 
610 2 0 |a muži 
610 2 0 |a zdravie 
610 2 0 |a krajiny rozvojové 
610 2 0 |a krajiny vyspelé 
610 2 0 |a mládež 
610 2 0 |a dôchodcovia 
100 1 |a Papaj, Karol